| 000 | 00532nam a2200169Ia 4500 | ||
|---|---|---|---|
| 003 | SGT | ||
| 020 | _a9789350142295 | ||
| 082 |
_a621.3822 _bSHA |
||
| 100 | _aSharma, Sanjay | ||
| 245 | _aSignals and systems with matlab programs | ||
| 250 | _a7th . Ed. | ||
| 260 |
_bS.K. Kataria & SONS _aN.Delhi _c2014 |
||
| 300 | _a874p. | ||
| 650 | _aELECTRONICS ENGINEERING | ||
| 653 | _aSIGNALS, THE LAPLACE TRANSFORM, THE Z-TRANSFORM, CONTINUOUS-TIME FOURIER TRANSFORM, DISCRETE-TIME FOURIER TRANSFORM(DTFT), SAMPLING | ||
| 942 |
_2ddc _cBK _05 |
||
| 999 |
_c5748 _d5748 |
||